100 Most Owned Men's Colognes - Statistics

General Stats
  • This quiz has been taken 129 times
  • The average score is 23 of 100
Answer Stats
Answer (READ DESC) Brand % Correct
37 Le Male Jean Paul Gaultier
93%
9 Eros Versace
81%
15 Sauvage Dior
74%
71 Stronger With You Giorgio Armani
74%
41 Le Beau Jean Paul Gaultier
70%
7 9 PM Afnan
64%
18 Eros Flame Versace
63%
14 Aventus Creed
61%
1 Le Male Elixir Jean Paul Gaultier
61%
33 The Most Wanted Azzaro
61%
85 Spicebomb Viktor & Rolf
60%
22 Imagination Louis Vuitton
58%
30 Voyage Nautica
57%
2 Le Male Le Parfum Jean Paul Gaultier
54%
46 1 Million Paco Rabbane
53%
65 Bleu de Chanel Chanel
51%
35 Acqua Di Gio Giorgio Armani
45%
11 Dylan Blue Versace
45%
19 Althair Parfums De Marly
42%
23 Ultra Male Jean Paul Gaultier
42%
8 Jazz Club Maison Martin Margiela
41%
88 Eros Energy Versace
36%
10 Spicebomb Extreme Viktor & Rolf
36%
53 Invictus Paco Rabbane
34%
25 Pour Homme Versace
34%
45 Light Blue Dolce & Gabbana
33%
26 Explorer Montblanc
32%
32 Hawas Rasasi
32%
36 L'Homme Prada
32%
4 Le Beau Le Parfum Jean Paul Gaultier
31%
6 Homme Intense Dior
30%
17 Sauvage Elixir Dior
29%
24 The Most Wanted Parfum Azzaro
27%
55 Cool Water Davidoff
26%
21 Asad Lattafa
25%
5 Y Eau de Parfum YSL
25%
60 Legend Spirit Montblanc
24%
67 Fahrenheit Dior
23%
58 Toy Boy Moschino
22%
42 Stronger with You Absolutely Giorgio Armani
21%
76 Black Mercedes-Benz
20%
52 Uomo Born in Roma Valentino
20%
79 1 Million Elixir Paco Rabbane
19%
77 Bad Boy Cobalt Carolina Herrera
19%
20 Le Beau Paradise Garden Jean Paul Gaultier
19%
31 Acqua di Gio Profondo Giorgio Armani
18%
44 Sauvage Eau de Parfum Dior
18%
27 Terre d'Hermes Hermes
18%
74 Allure Homme Sport Chanel
16%
13 Club de Nuit Intense Man Armaf
16%
40 Acqua Di Gio Profumo Giorgio Armani
15%
12 Bleu de Chanel Eau de Parfum Chanel
15%
29 Myself Eau de Parfum YSL
15%
3 Stronger with you Intensley Giorgio Armani
14%
56 Bleu de Chanel Parfum Chanel
13%
86 Boss Bottled Hugo Boss
11%
38 La Nuit de l'Homme YSL
11%
98 Luna Rossa Ocean Prada
11%
16 Uomo Born in Roma Intense Valentino
11%
97 Cedrat Boise Mancera
10%
70 Eau Fraiche Versace
10%
69 Green Irish Tweed Creed
10%
95 Pegasus Parfums de Marly
10%
82 Homme Sport Dior
9%
47 Uomo Born in Roma Coral Fantasy Valentino
9%
89 Wanted by Night Azzaro
9%
75 Y Le Parfum YSL
9%
80 1 Million Lucky Paco Rabbane
8%
66 Eros Eau de PArfum Versace
8%
90 Homme Cologne Dior
8%
49 Homme Parfum Dior
8%
99 L'Immensite Louis Vuitton
8%
73 Luna Rossa Black Prada
8%
93 Luna Rossa Carbon Prada
8%
39 The One Eau de Parfum Dolce & Gabbana
8%
48 Acqua Di Gio Parfum Giorgio Armani
7%
28 Gentleman Eau de Parfum Givenchy
7%
59 Invictus Victory Elixir Paco Rabbane
7%
84 L'Homme Intense Prada
7%
68 Reflection Amouage
7%
83 Haltane Parfums de Marly
6%
100 Halloween Man X Halloween
5%
43 Noir Extreme Tom Ford
5%
61 Scandal Pour Homme Jean Paul Gaultier
5%
64 Turathi Blue Afnan
5%
34 Encre Noire Lalique
4%
54 Allure Homme Sport Eau Extreme Chanel
3%
57 Armani Code Parfum Giorgio Armani
3%
71 Boss Bottled Elixir Hugo Boss
3%
62 L'Homme Ideal Eau de Parfum Guerlain
3%
92 Maahir Legacy Lattafa
3%
51 Herod Parfums De Marly
2%
50 L'Eau d'Issey Pour Homme Issey Miyake
2%
81 Terre d'Hermes Eau Givree Hermes
2%
91 Bentley Intense Bentley
1%
87 Bvlgari Man Away Bvlgari
1%
96 Elysium Pour Homme Parfum Roja Dove
1%
63 Fakhar Black Lattafa
1%
78 Liquid Bruin French Avenue
1%
94 Supremacy Not Only Intense Afnan
1%
No matching quizzes found
Score Distribution
Percent of People with Each Score
Percentile by Number Answered
Your Score History
You have not taken this quiz